|
|
|
|
| LEADER |
00000nam0a2200000 4500 |
| 001 |
82627 |
| 005 |
20231101213237.0 |
| 010 |
|
|
|a 577820387X
|
| 035 |
|
|
|a (RuTPU)RU\TPU\book\88796
|
| 090 |
|
|
|a 82627
|
| 100 |
|
|
|a 20051005d2004 m y0rusy50 ca
|
| 101 |
0 |
|
|a rus
|
| 102 |
|
|
|a RU
|
| 105 |
|
|
|a a j 001zy
|
| 200 |
1 |
|
|a Основы наноэлектроники
|e учебное пособие
|f В. П. Драгунов, И. Г. Неизвестный, В. А. Гридчин
|
| 205 |
|
|
|a 2-е изд., испр. и доп.
|
| 210 |
|
|
|a Новосибирск
|c Изд-во НГТУ
|d 2004
|
| 215 |
|
|
|a 494 с.
|c ил.
|
| 225 |
1 |
|
|a Учебники НГТУ
|
| 320 |
|
|
|a Библиография в конце глав.
|
| 330 |
|
|
|a Излагаются основные вопросы физики систем пониженной размерности, рассматриваются особенности энергетического спектра и переноса частиц в многослойных структурах с резкими потенциальными границами. Пособие предназначено для студентов, магистрантов и аспирантов, специализирующихся в области физики полупроводников и полупроводниковых приборов. Оно может быть рекомендовано всем желающим систематизировать свои знания в области физических основ наноэлектроники.
|
| 606 |
1 |
|
|a Наноэлектроника
|2 stltpush
|3 (RuTPU)RU\TPU\subj\58929
|9 76611
|
| 610 |
1 |
|
|a пониженная размерность
|
| 610 |
1 |
|
|a квантовые состояния
|
| 610 |
1 |
|
|a электрические поля
|
| 610 |
1 |
|
|a экранирование
|
| 610 |
1 |
|
|a квантовый эффект Холла
|
| 610 |
1 |
|
|a электронный газ
|
| 610 |
1 |
|
|a фононные спектры
|
| 610 |
1 |
|
|a транспортные явления
|
| 610 |
1 |
|
|a туннелирование
|
| 610 |
1 |
|
|a одноэлектроника
|
| 610 |
1 |
|
|a нанотранзисторы
|
| 610 |
1 |
|
|a создание
|
| 610 |
1 |
|
|a квантовые компьютеры
|
| 610 |
1 |
|
|a элементная база
|
| 610 |
1 |
|
|a учебные пособия
|
| 675 |
|
|
|a 621.382:53(075.8)
|v 3
|
| 700 |
|
1 |
|a Драгунов
|b В. П.
|g Валерий Павлович
|
| 701 |
|
1 |
|a Неизвестный
|b И. Г.
|g Игорь Георгиевич
|
| 701 |
|
1 |
|a Гридчин
|b В. А.
|g Виктор Алексеевич
|
| 801 |
|
1 |
|a RU
|b 63413507
|c 20051005
|g PSBO
|
| 801 |
|
2 |
|a RU
|b 63413507
|c 20230630
|g PSBO
|
| 900 |
|
|
|a Микроэлектроника и схемотехника ЭВМ
|
| 942 |
|
|
|c BK
|
| 951 |
|
|
|b 210104
|b 210108
|
| 959 |
|
|
|a 78/20051004
|d 2
|e 0
|f ЧЗТЛ:2
|